| 000 | 00894nam a22002415i 4500 | ||
|---|---|---|---|
| 001 | 177610 | ||
| 003 | ES-MaACL | ||
| 005 | 20230906220355.0 | ||
| 008 | 110406s1971 sp d |||| | spa d | ||
| 080 | _a35.072.1 | ||
| 080 | _a338.2(460) | ||
| 100 | 1 |
_aParada Vázquez, José Ramón. _988908 |
|
| 245 | 1 | 0 |
_aCorporaciones locales y desarrollo económico / _cpor José Ramón Parada Vázquez, José Antonio Manzanedo Mateos. |
| 260 |
_aMadrid : _bMontecorvo, _c1971. |
||
| 300 |
_a218 p. ; _c25 cm. |
||
| 490 | 1 |
_aMonografías. Colección de estudios jurídicos ; _v31 |
|
| 650 |
_aDescentralización administrativa. _911820 |
||
| 651 | 4 |
_aEspaña- _xPolítica económica. _98405 |
|
| 700 | 1 |
_aManzanedo Mateos, José Antonio. _9146015 |
|
| 830 | 0 |
_aMonografías. Colección de estudios jurídicos ; _v31 _9190484 |
|
| 852 |
_aES-MaACL _jE-14814 _xOlim P-860-bis |
||
| 999 |
_c177610 _d177610 |
||